000 00581nam a2200217Ia 4500
003 OSt
005 20220918201342.0
006 a|||||r|||| 00| 0
007 ta
008 220917b |||||||| |||| 00| 0 eng d
024 _a93,292
037 _cTextual
040 _aARTS
_cARTS
_beng
041 _2eng
_aeng
082 _aV1-3:1r, G7
245 0 _aColonial problems ; a report by a study group of members of the royal Institute of International Affairs
260 _c1937
650 _aHISTORY
942 _hV1-3:1r, G7
_cTEXL
_2CC
999 _c216939
_d216939